[Event "Chigorin Memorial 2019"]
[Site "St Petersburg RUS"]
[Date "2019.10.09"]
[Round "5.16"]
[White "Rozum, Ivan"]
[Black "Gubajdullin, Alexei"]
[Result "1-0"]
[WhiteTitle "GM"]
[BlackTitle "FM"]
[WhiteElo "2596"]
[BlackElo "2345"]
[WhiteFideId "24104272"]
[BlackFideId "4141202"]
[EventDate "2019.10.05"]

1. Nf3 d6 2. d4 f5 3. Nc3 Nf6 4. Bg5 Ne4 5. Nxe4 fxe4 6. Nd2 Bf5 7. f3 exf3 8.
e4 f2+ 9. Kxf2 Bg6 10. Bc4 Nc6 11. c3 Qd7 12. Rf1 e5 13. Be3 Be7 14. Kg1 Bf6 15.
Nf3 Bxe4 16. dxe5 Nxe5 17. Nxe5 dxe5 18. Qb3 Bxg2 19. Rfd1 Qg4 20. Bf7+ Kf8 21.
Be6 Qg6 22. Bc5+ Be7 23. Bxe7+ Kxe7 24. Rd7+ Kf6 25. Rf7+ Kg5 26. Kxg2 Qe4+ 27.
Kg1 Qe3+ 28. Rf2 Raf8 29. Bf7 g6 30. Qe6 Kh6 31. Qf6 Rd8 32. Rf1 Rhf8 33. Qh4+
Kg7 34. Bb3 Rd7 35. Kg2 Rf4 36. Rxf4 exf4 37. Qxf4 Rd2+ 38. Kh1 Qxf4 39. Rxf4
Rxb2 40. Rf7+ Kh6 41. Rxc7 a5 42. Rxb7 a4 43. Bd5 Rc2 44. Rc7 a3 45. Bb3 Rc1+
46. Kg2 Kg5 47. Rxh7 Rxc3 48. Ra7 1-0

[Event "Chigorin Memorial 2019"]
[Site "St Petersburg RUS"]
[Date "2019.10.09"]
[Round "5.17"]
[White "Maltsevskaya, Aleksandra"]
[Black "Gareyev, Timur"]
[Result "0-1"]
[WhiteTitle "WGM"]
[BlackTitle "GM"]
[WhiteElo "2333"]
[BlackElo "2597"]
[WhiteFideId "24174041"]
[BlackFideId "14200937"]
[EventDate "2019.10.05"]

1. Nf3 c5 2. g3 g6 3. Bg2 Bg7 4. O-O Nc6 5. d3 d5 6. Nbd2 e5 7. c4 Nge7 8. cxd5
Nxd5 9. Ne4 b6 10. Nc3 Nde7 11. Nd2 O-O 12. Nc4 Be6 13. a4 Rc8 14. Bg5 h6 15.
Bd2 Nd4 16. Nb5 Qd7 17. Nbd6 Rcd8 18. Nb7 Bxc4 19. dxc4 Rb8 20. Be3 Nec6 21.
Bxd4 exd4 0-1

[Event "Chigorin Memorial 2019"]
[Site "St Petersburg RUS"]
[Date "2019.10.09"]
[Round "5.18"]
[White "Tsoi, Dmitry"]
[Black "Aleksandrov, Aleksej"]
[Result "0-1"]
[WhiteTitle "FM"]
[BlackTitle "GM"]
[WhiteElo "2329"]
[BlackElo "2577"]
[WhiteFideId "24194697"]
[BlackFideId "13500139"]
[EventDate "2019.10.05"]

1. b4 e5 2. Bb2 Bxb4 3. Bxe5 Nf6 4. e3 O-O 5. Nf3 Re8 6. Be2 d5 7. O-O Nbd7 8.
Bb2 Nb6 9. h3 Bd6 10. Qc1 c5 11. a4 Bd7 12. a5 Na4 13. Bxf6 Qxf6 14. c3 c4 15.
Nd4 Nc5 16. f4 Bf5 17. Na3 Be4 18. Nab5 Bb8 19. Qa3 Rc8 20. Nf3 h6 21. Nbd4 Bd6
22. Qc1 Re8 23. h4 Qg6 24. Kh2 Rac8 25. Rg1 Qf6 26. g3 g6 27. Qf1 Kg7 28. Qh3 a6
29. Raf1 Nb3 30. h5 Nxa5 31. hxg6 fxg6 32. g4 Nb3 33. Nf5+ Kf7 34. Nxh6+ Ke7 35.
Bd1 g5 36. Nxg5 Qxg5 37. Nf5+ Bxf5 38. gxf5 Qf6 39. Qh7+ Kd8 40. Rg7 Rc7 41.
Rfg1 Nxd2 42. Rxc7 Bxc7 43. Rg7 Bd6 44. Kg2 Re7 45. Qg8+ Kc7 46. Rg6 Qf7 47. f6
Qxg8 0-1

[Event "Chigorin Memorial 2019"]
[Site "St Petersburg RUS"]
[Date "2019.10.09"]
[Round "5.19"]
[White "Volkov, Sergey"]
[Black "Postnikov, Artem"]
[Result "1/2-1/2"]
[WhiteTitle "GM"]
[BlackTitle "FM"]
[WhiteElo "2557"]
[BlackElo "2297"]
[WhiteFideId "4122763"]
[BlackFideId "34153575"]
[EventDate "2019.10.05"]

1. d4 d5 2. c4 c6 3. Nf3 Nf6 4. e3 Bg4 5. h3 Bh5 6. g4 Bg6 7. Qb3 Qb6 8. Nc3 e6
9. g5 Ne4 10. Rg1 Nd7 11. Nh4 Be7 12. Nxg6 hxg6 13. Nxe4 dxe4 14. Qxb6 axb6 15.
Rg4 Rh5 16. h4 O-O-O 17. Rxe4 Rdh8 18. Rf4 f5 19. gxf6 gxf6 20. Rg4 R8h6 21. Bd2
Rxh4 22. Rxh4 Rxh4 23. Bg2 f5 24. Ke2 Nf6 25. a4 Rh2 26. Kf1 Ne4 27. Be1 Nd6 28.
b3 Bd8 29. Rc1 g5 30. b4 g4 31. b5 Ne4 32. c5 bxc5 33. dxc5 Be7 34. bxc6 bxc6
35. a5 Rh7 36. a6 Bf8 37. Bb4 Ra7 38. Bxe4 fxe4 39. Ra1 Kb8 40. Kg2 Rf7 41. Ra4
Ka7 42. Ba3 Be7 43. Rxe4 Bh4 44. Rxg4 Rxf2+ 45. Kh3 Bf6 46. Re4 e5 47. Kg4 Kxa6
48. Rb4 Bd8 49. Bb2 Bc7 50. Bc3 Rc2 51. Rb3 Ba5 52. Bxe5 Rxc5 53. Bf6 Rc1 54. e4
c5 55. e5 c4 56. Ra3 c3 57. Bd8 c2 58. Rxa5+ Kb7 59. Bg5 Rg1+ 60. Kf3 Rxg5 1/2-1/2

[Event "Chigorin Memorial 2019"]
[Site "St Petersburg RUS"]
[Date "2019.10.09"]
[Round "5.20"]
[White "Moroni, Luca Jr"]
[Black "Rudenko, Naum"]
[Result "1-0"]
[WhiteTitle "GM"]
[BlackTitle "FM"]
[WhiteElo "2553"]
[BlackElo "2286"]
[WhiteFideId "865834"]
[BlackFideId "34146072"]
[EventDate "2019.10.05"]

1. c4 Nf6 2. Nc3 g6 3. g3 Bg7 4. Bg2 O-O 5. d4 d6 6. Nf3 Nc6 7. O-O Rb8 8. b3 a6
9. d5 Na5 10. Bg5 b5 11. cxb5 axb5 12. b4 Nc4 13. Qb3 h6 14. Bxf6 Bxf6 15. Rac1
c6 16. e4 cxd5 17. Nxd5 Bg7 18. a4 Bg4 19. Rc2 e6 20. Nf4 d5 21. exd5 exd5 22.
a5 d4 23. Re1 Qd6 24. Nd2 g5 25. Nd3 Be6 26. Rxe6 Qxe6 27. Nxc4 Rbc8 28. Nc5
bxc4 29. Rxc4 Qe1+ 30. Bf1 Rfd8 31. a6 Bf8 32. Nd3 Qa1 33. Ne5 Rxc4 34. Qxc4 Bg7
35. Nxf7 Rf8 36. Nxg5+ Kh8 37. Ne6 Rf6 38. Qc8+ Kh7 39. Qd7 Rxe6 40. Qxe6 d3 41.
a7 1-0

[Event "Chigorin Memorial 2019"]
[Site "St Petersburg RUS"]
[Date "2019.10.09"]
[Round "5.21"]
[White "Levin, Evgeny A."]
[Black "Salman, Pavel"]
[Result "1-0"]
[WhiteTitle "GM"]
[BlackTitle "FM"]
[WhiteElo "2511"]
[BlackElo "2282"]
[WhiteFideId "4182596"]
[BlackFideId "24153753"]
[EventDate "2019.10.05"]

1. d4 Nf6 2. c4 g6 3. Nc3 d5 4. Bf4 Bg7 5. e3 O-O 6. Rc1 c5 7. dxc5 Qa5 8. cxd5
Ne4 9. Ne2 Na6 10. Qa4 Qxa4 11. Nxa4 Nb4 12. Nec3 Bxc3+ 13. Nxc3 Nxc5 14. Kd2
Bf5 15. e4 Bxe4 16. Be3 Nxa2 17. Bxc5 Nxc1 18. Kxc1 Rfc8 19. Nxe4 b6 20. Ba6 Rc7
21. Kc2 bxc5 22. Ra1 Rd8 23. Bc4 Kg7 24. Ra5 Rdc8 25. Kc3 h6 26. Ba6 Rd8 27. Kc4
Rb8 28. Bb5 Rb6 29. Ra6 Rcb7 30. Rxb6 axb6 31. b3 Ra7 32. Ba4 Ra5 33. d6 exd6
34. Nxd6 f5 35. f4 Kf6 36. Nc8 b5+ 37. Bxb5 Ra2 38. Bc6 Rc2+ 39. Kb5 g5 40. Nb6
gxf4 41. Nd7+ Ke6 42. Nxc5+ Kd6 43. b4 h5 44. Bf3 h4 45. h3 Rc3 46. Kb6 Ke5 47.
b5 Kd4 48. Ne6+ Ke3 49. Ng7 Kf2 50. Bc6 1-0

[Event "Chigorin Memorial 2019"]
[Site "St Petersburg RUS"]
[Date "2019.10.09"]
[Round "5.22"]
[White "Triapishko, Alexandr"]
[Black "Bulavin, Alexander"]
[Result "1/2-1/2"]
[WhiteTitle "IM"]
[BlackTitle "FM"]
[WhiteElo "2514"]
[BlackElo "2256"]
[WhiteFideId "14122286"]
[BlackFideId "4178033"]
[EventDate "2019.10.05"]

1. e4 d5 2. exd5 Qxd5 3. Nc3 Qd8 4. Nf3 Bg4 5. h3 Bxf3 6. Qxf3 c6 7. g3 e6 8.
Bg2 Nf6 9. O-O Be7 10. Rb1 a5 11. a3 Na6 12. Rd1 O-O 13. d4 Rc8 14. Ne4 Nxe4 15.
Qxe4 b5 16. Qe2 Qd7 17. c4 Nc7 18. b3 a4 19. bxa4 bxc4 20. Qxc4 Nd5 21. a5 Ra8
22. a6 Ra7 23. Rd3 Rfa8 24. Rdb3 Rxa6 25. Rb8+ Bd8 26. Qc5 Rxb8 27. Rxb8 f6 28.
Bxd5 exd5 29. Qb4 h6 30. a4 Kh7 31. Ba3 f5 32. Qc3 c5 33. Bxc5 Rxa4 34. Kg2 Ra1
35. Qd3 Re1 36. Rb1 Rxb1 37. Qxb1 Qe6 38. Qd3 Qe4+ 39. Qxe4 fxe4 40. f3 exf3+
41. Kxf3 Bc7 42. g4 g6 1/2-1/2

[Event "Chigorin Memorial 2019"]
[Site "St Petersburg RUS"]
[Date "2019.10.09"]
[Round "5.23"]
[White "Yeritsyan, Hayk"]
[Black "Zontakh, Andrey"]
[Result "1-0"]
[BlackTitle "GM"]
[WhiteElo "2292"]
[BlackElo "2485"]
[WhiteFideId "13307320"]
[BlackFideId "14101130"]
[EventDate "2019.10.05"]

1. c4 Nf6 2. Nc3 e6 3. e4 d5 4. e5 d4 5. exf6 dxc3 6. bxc3 Qxf6 7. d4 b6 8. Nf3
Bb7 9. Ne5 Bd6 10. Qa4+ c6 11. Nf3 Qf5 12. Be3 O-O 13. O-O-O c5 14. Bd3 Qh5 15.
Ng5 h6 16. h4 Bxg2 17. Rhg1 hxg5 18. Rxg2 Qxh4 19. Rdg1 Bf4 20. Qd1 cxd4 21.
cxd4 Bxe3+ 22. fxe3 Qh3 23. Rg3 Qh4 24. Rh1 1-0

[Event "Chigorin Memorial 2019"]
[Site "St Petersburg RUS"]
[Date "2019.10.09"]
[Round "5.24"]
[White "Gitelson, Arkady"]
[Black "Mikaelyan, Arman"]
[Result "0-1"]
[BlackTitle "GM"]
[WhiteElo "2282"]
[BlackElo "2479"]
[WhiteFideId "34101257"]
[BlackFideId "13304852"]
[EventDate "2019.10.05"]

1. e4 e5 2. Nf3 Nc6 3. Nc3 Nf6 4. a3 d5 5. Bb5 d4 6. Ne2 Bd6 7. Ng3 O-O 8. d3
Na5 9. Ba4 c5 10. Nh4 Rb8 11. c3 b5 12. Bc2 dxc3 13. bxc3 b4 14. axb4 cxb4 15.
cxb4 Bxb4+ 16. Bd2 Bxd2+ 17. Qxd2 Nc6 18. Nhf5 g6 19. Ne3 h5 20. Ne2 Be6 21. Qd1
Ng4 22. Qd2 Nxe3 23. Qxe3 Rb2 24. Qc1 Qb6 25. O-O Bg4 26. Nc3 Nd4 27. Bd1 Rc8
28. Ra6 Qb4 29. Bxg4 hxg4 30. Qg5 Qxc3 31. Qxg4 Ne2+ 32. Kh1 Nf4 33. h4 Rd8 34.
Rxa7 Rxf2 35. Rxf2 Qe1+ 0-1

[Event "Chigorin Memorial 2019"]
[Site "St Petersburg RUS"]
[Date "2019.10.09"]
[Round "5.25"]
[White "Bryakin, Mikhail"]
[Black "Kovalev, Vitaly"]
[Result "1-0"]
[WhiteTitle "FM"]
[WhiteElo "2436"]
[BlackElo "2240"]
[WhiteFideId "4165314"]
[BlackFideId "24120588"]
[EventDate "2019.10.05"]

1. d4 g6 2. c4 Bg7 3. Nc3 d6 4. e4 Nf6 5. h3 O-O 6. Be3 e5 7. d5 Na6 8. Nf3 Nc5
9. Nd2 a5 10. g4 c6 11. a3 a4 12. Be2 Qa5 13. O-O Bd7 14. Rc1 Rac8 15. Kh2 cxd5
16. cxd5 b5 17. f3 Rc7 18. Na2 Rfc8 19. Nb4 Ne8 20. Rc3 f5 21. Qb1 f4 22. Bf2
Na6 23. Nxa6 Qxa6 24. Rfc1 Qa5 25. Qd3 Bf6 26. Rxc7 Rxc7 27. Rxc7 Qxc7 28. b4
Qd8 29. Bg1 Bh4 30. Qb1 Qc8 31. Qb2 Be1 32. Nb1 Qd8 33. Kg2 Qh4 34. Kf1 Bg3 35.
Bd3 Qxh3+ 36. Qg2 Qh4 37. Nc3 Nc7 38. Bb6 h5 39. Ne2 hxg4 40. Nxg3 fxg3 41. fxg4
Bxg4 42. Kg1 Ne8 43. Bxb5 Nf6 44. Bd8 Kg7 45. Bd3 g5 46. Bxf6+ Kxf6 47. Bf1 Ke7
48. Qc2 Bf3 49. Qc7+ Ke8 50. Bb5+ Kf8 51. Qxd6+ Kg8 52. Qe6+ Kg7 53. Qxe5+ Kg8
54. Qe8+ Kg7 55. Qd7+ Kg8 56. Qc8+ Kg7 57. Qc3+ Kh7 58. Qxf3 Qh2+ 59. Kf1 g4 60.
Qg2 Qh4 61. e5 Qg5 62. Qxg3 Qc1+ 63. Kf2 Qd2+ 64. Be2 Qd4+ 65. Kf1 Qb2 66. Qh4+
Kg7 67. Qxg4+ Kh8 68. Qf3 Qc1+ 69. Kf2 Qd2 70. d6 1-0

[Event "Chigorin Memorial 2019"]
[Site "St Petersburg RUS"]
[Date "2019.10.09"]
[Round "5.26"]
[White "Gusain, Himal"]
[Black "Tsaruk, Maksim"]
[Result "0-1"]
[WhiteTitle "IM"]
[WhiteElo "2420"]
[BlackElo "2230"]
[WhiteFideId "5033861"]
[BlackFideId "13511173"]
[EventDate "2019.10.05"]

1. Nf3 Nf6 2. d4 b6 3. e3 Bb7 4. Bd3 e6 5. Nbd2 c5 6. c3 Be7 7. O-O O-O 8. e4 d5
9. e5 Nfd7 10. Re1 Ba6 11. Bb1 Nc6 12. Nf1 Re8 13. a3 Qc7 14. Ng3 Rac8 15. Nh5
g6 16. Nf4 Na5 17. h4 cxd4 18. cxd4 Qxc1 19. Qxc1 Rxc1 20. Rxc1 Nb3 21. Rc7 Nxe5
22. Nxe5 Nxa1 23. Ba2 Bxh4 24. Rxa7 Bc4 25. Nxc4 dxc4 26. Bxc4 Rc8 27. Nxe6 b5
28. Ba2 Rc1+ 29. Kh2 fxe6 30. Bxe6+ Kh8 31. f4 Rd1 32. d5 Rd3 33. Ra8+ Kg7 34.
Ra7+ Kh8 35. Ra8+ Kg7 36. Ra7+ Kh6 37. Bg8 Bg3+ 0-1

[Event "Chigorin Memorial 2019"]
[Site "St Petersburg RUS"]
[Date "2019.10.09"]
[Round "5.27"]
[White "Polschikov, Alexey"]
[Black "Dubrovin, Robert"]
[Result "1-0"]
[WhiteTitle "FM"]
[WhiteElo "2416"]
[BlackElo "2224"]
[WhiteFideId "24130583"]
[BlackFideId "4501829"]
[EventDate "2019.10.05"]

1. Nf3 Nf6 2. c4 g6 3. Nc3 Bg7 4. e4 d6 5. d4 O-O 6. Be2 Nbd7 7. O-O e5 8. d5
Nc5 9. Qc2 a5 10. Bg5 h6 11. Be3 b6 12. Nd2 Bg4 13. f3 Bd7 14. Rfe1 Nh5 15. Bf1
Bf6 16. Bxh6 Bg5 17. Bxf8 Qxf8 18. Nb3 Qh6 19. Nxc5 bxc5 20. Qf2 Kg7 21. g3 Rh8
22. Re2 f5 23. Rb1 Rf8 24. a3 Bd8 25. b4 cxb4 26. axb4 axb4 27. Rxb4 Nf6 28.
exf5 gxf5 29. c5 Qc1 30. Rc2 Qa3 31. Rb7 dxc5 32. Qe3 c4 33. Qxe5 Qc5+ 34. Kg2
Re8 35. Qf4 Nh5 36. Qxc4 Qd6 37. Ne2 Re5 38. Qd4 Kh7 39. Nf4 Nxf4+ 40. Qxf4 Qxd5
41. Rd2 Qxb7 42. Rxd7+ Re7 43. Qxf5+ Kg7 44. Qg5+ Kf7 45. Rxd8 1-0

[Event "Chigorin Memorial 2019"]
[Site "St Petersburg RUS"]
[Date "2019.10.09"]
[Round "5.28"]
[White "Gomes, Mary Ann"]
[Black "Shubin, Kirill"]
[Result "1/2-1/2"]
[WhiteTitle "WGM"]
[BlackTitle "IM"]
[WhiteElo "2268"]
[BlackElo "2416"]
[WhiteFideId "5013623"]
[BlackFideId "34119962"]
[EventDate "2019.10.05"]

1. Nf3 Nf6 2. g3 b5 3. c4 a6 4. Bg2 Bb7 5. O-O bxc4 6. Na3 e5 7. Nxe5 Bxg2 8.
Kxg2 Bxa3 9. bxa3 Qe7 10. Bb2 O-O 11. Qc2 d5 12. d3 c5 13. dxc4 d4 14. Nd3 Nc6
15. Rae1 Rab8 16. Bc1 Rfe8 17. Bf4 Rbc8 18. Bg5 h6 19. Bxf6 Qxf6 20. Nxc5 Ne5
21. Qa4 Qe7 22. Nd3 Nxc4 23. Rc1 Qb7+ 24. Kg1 Qb5 25. Qxb5 axb5 26. Rfd1 Ra8 27.
Nb4 Rxe2 28. Nc2 Nxa3 29. Nxd4 Rxa2 30. Ra1 Rxa1 31. Rxa1 Rd8 32. Rxa3 Rxd4 33.
Ra8+ Kh7 34. Rb8 Rb4 35. Rb6 Rb1+ 36. Kg2 g6 37. h4 h5 38. f3 b4 39. g4 hxg4 40.
fxg4 Kh6 41. Kh2 b3 42. Kg2 Kg7 43. g5 Kf8 44. Rb7 Rb2+ 45. Kg3 Ke8 46. Kh3 Rb1
47. Kh2 b2 48. Kg2 Kd8 49. Rb8+ Kc7 50. Rb5 Kc6 51. Rb8 Kd5 52. Rb7 Ke4 53. Re7+
Kd5 54. Rb7 Ke6 55. Rb5 Kd6 56. Rb7 Ke5 57. Re7+ Kf4 58. Rxf7+ Kg4 59. Rb7 Kh5
60. Rb5 Kg4 1/2-1/2

[Event "Chigorin Memorial 2019"]
[Site "St Petersburg RUS"]
[Date "2019.10.09"]
[Round "5.29"]
[White "Smirnov, Artem"]
[Black "Podetti, Davide"]
[Result "1-0"]
[WhiteTitle "IM"]
[WhiteElo "2416"]
[BlackElo "2203"]
[WhiteFideId "4143256"]
[BlackFideId "893617"]
[EventDate "2019.10.05"]

1. d4 Nf6 2. c4 e6 3. Nc3 Bb4 4. f3 Nh5 5. Nh3 f5 6. a3 Bxc3+ 7. bxc3 O-O 8. e4
d6 9. Bd3 fxe4 10. Bxe4 d5 11. Bd3 e5 12. Nf2 Nc6 13. O-O exd4 14. cxd4 Be6 15.
Re1 Qf6 16. Be3 dxc4 17. Be4 Bf7 18. d5 Na5 19. Qc2 h6 20. Rad1 Rad8 21. Bc5
Rfe8 22. Ng4 Qf4 23. g3 Nxg3 24. hxg3 Qxg3+ 25. Qg2 Qxg2+ 26. Kxg2 Nb3 27. Bb4
a5 28. Bc3 b5 29. Ne5 a4 30. Nc6 Rd7 31. Bf5 Rd6 32. Rxe8+ Bxe8 33. Be5 1-0

[Event "Chigorin Memorial 2019"]
[Site "St Petersburg RUS"]
[Date "2019.10.09"]
[Round "5.30"]
[White "Popov, Mikhail"]
[Black "Marinskii, Yurii"]
[Result "1-0"]
[WhiteTitle "IM"]
[WhiteElo "2399"]
[BlackElo "2167"]
[WhiteFideId "4146182"]
[BlackFideId "34215425"]
[EventDate "2019.10.05"]

1. e4 c5 2. Nf3 d6 3. d4 cxd4 4. Nxd4 Nf6 5. Nc3 g6 6. Be3 Bg7 7. f3 O-O 8. Qd2
d5 9. e5 Ne8 10. f4 f6 11. h4 fxe5 12. fxe5 Bxe5 13. O-O-O Nf6 14. Nf3 Bxc3 15.
Qxc3 Bg4 16. Bh6 Rf7 17. Re1 Bxf3 18. gxf3 Nbd7 19. Bh3 Nf8 20. Bxf8 Rxf8 21.
Qe5 Qd6 22. Qg5 e5 23. Rhg1 Kf7 24. Rxe5 Rae8 25. f4 Re7 26. Rge1 Rfe8 27. Bg2
d4 28. Bf1 Qb4 29. Qg3 Nh5 30. Qf2 Rxe5 31. fxe5+ Kg7 32. a3 Qb6 33. Bc4 Rf8 34.
Qd2 Qd8 35. Re4 d3 36. Qxd3 Qxd3 37. cxd3 Ng3 38. Re1 Nf5 39. a4 Rd8 40. a5 Nxh4
41. e6 Nf5 42. Bb5 Kf6 43. Bd7 Ke7 44. Kd2 g5 45. Re5 Rf8 46. Rb5 g4 47. Rxb7
Kd6 48. e7 Nxe7 49. Bxg4 Nc6 50. a6 Rb8 51. Rd7+ Kc5 52. Kc3 Rb6 53. d4+ Kb5 54.
Rd5+ Ka4 55. Bd1+ 1-0

[Event "Chigorin Memorial 2019"]
[Site "St Petersburg RUS"]
[Date "2019.10.09"]
[Round "5.31"]
[White "Azimov, Ilyas"]
[Black "Khlebovich, Alexander"]
[Result "0-1"]
[BlackTitle "FM"]
[WhiteElo "2229"]
[BlackElo "2398"]
[WhiteFideId "24175226"]
[BlackFideId "4169123"]
[EventDate "2019.10.05"]

1. e4 c5 2. Nf3 d6 3. d4 cxd4 4. Nxd4 Nf6 5. Nc3 a6 6. Nb3 g6 7. Be2 Bg7 8. g4
h6 9. Be3 Nc6 10. f3 b5 11. a3 Bb7 12. Qd2 Rc8 13. h4 Ne5 14. O-O-O h5 15. g5
Nfd7 16. Bd4 O-O 17. f4 Nc4 18. Bxc4 Rxc4 19. Bxg7 Kxg7 20. Rhe1 Qc7 21. Nd4 e5
22. Nb3 exf4 23. Qxd6 Qxd6 24. Rxd6 Ne5 25. Na5 Rc7 26. Nxb7 Rxb7 27. Rxa6 Nf3
28. Rh1 f6 29. Rh3 fxg5 30. Rxf3 g4 31. Rf1 f3 32. Nd1 g3 33. Ne3 Rf4 34. Rg1 g2
35. Nxg2 Rg4 36. e5 fxg2 37. Kd2 Re7 38. Rf6 Rxe5 39. Rf2 Rxh4 40. Rfxg2 Re6 41.
Rg5 Rb6 42. Kc3 Kh6 43. Rc5 Rf4 44. Kd3 h4 45. Ke3 Rc4 46. Rxc4 bxc4 47. Rg4 Kh5
48. Rxc4 Rxb2 49. Kf3 Rb5 50. Rc6 g5 51. a4 Rf5+ 52. Kg2 Kg4 53. Rc4+ Kh5 54.
Rc6 Rd5 55. Rc4 g4 56. Kf2 Rf5+ 57. Kg2 h3+ 58. Kg3 Rf3+ 59. Kh2 Kh4 60. a5 Ra3 0-1

[Event "Chigorin Memorial 2019"]
[Site "St Petersburg RUS"]
[Date "2019.10.09"]
[Round "5.32"]
[White "Sawlin, Leonid"]
[Black "Khubukshanov, Erdem"]
[Result "1/2-1/2"]
[WhiteTitle "FM"]
[WhiteElo "2395"]
[BlackElo "2247"]
[WhiteFideId "4689542"]
[BlackFideId "54114527"]
[EventDate "2019.10.05"]

1. e4 c6 2. d4 d5 3. e5 Bf5 4. h4 h5 5. Bd3 Bxd3 6. Qxd3 e6 7. Nf3 Qa5+ 8. Nbd2
Qa6 9. c4 Nh6 10. Qc2 Nd7 11. O-O Nf5 12. cxd5 cxd5 13. Nb3 Be7 14. Bg5 Bxg5 15.
hxg5 O-O 16. g6 fxg6 17. Qc7 Rac8 18. Qxd7 Rfd8 19. Nc5 Rxd7 20. Nxa6 bxa6 21.
Rfc1 Rdc7 22. Rxc7 Rxc7 23. Rd1 Kf7 24. Rd3 Ke7 25. Ra3 Rc6 26. Ra4 Kd7 27. Kf1
Kc7 28. Ke1 Rc1+ 29. Kd2 Rf1 30. Ke2 Rb1 31. b3 Rb2+ 32. Nd2 Kb6 33. Kd3 a5 34.
Kc3 Rxd2 35. Kxd2 Kb5 36. Ra3 Kb4 37. Ra4+ Kb5 1/2-1/2

[Event "Chigorin Memorial 2019"]
[Site "St Petersburg RUS"]
[Date "2019.10.09"]
[Round "5.33"]
[White "Trifonov, Pavel"]
[Black "Padmini, Rout"]
[Result "1/2-1/2"]
[WhiteTitle "FM"]
[BlackTitle "IM"]
[WhiteElo "2220"]
[BlackElo "2394"]
[WhiteFideId "4194446"]
[BlackFideId "5029295"]
[EventDate "2019.10.05"]

1. d4 e6 2. e4 d5 3. Nd2 c5 4. Ngf3 cxd4 5. exd5 Qxd5 6. Bc4 Qd7 7. O-O Nc6 8.
Nb3 a6 9. Nfxd4 Nxd4 10. Qxd4 Qxd4 11. Nxd4 Bd6 12. Re1 Ne7 13. c3 Bd7 14. Bg5
e5 15. Bxe7 Kxe7 16. f4 f6 17. fxe5 fxe5 18. Nf3 Bf5 19. Nxe5 Kf6 20. Nf3 g6 21.
Kh1 Rad8 22. Nd4 Rhe8 23. Rf1 Kg5 24. Bf7 Re3 25. Rae1 Rxe1 26. Rxe1 Bc5 27.
Nf3+ Kf4 28. Bb3 b5 29. Ne5 Be4 30. Nf3 Bxf3 31. Rf1 Rd3 32. Rxf3+ Rxf3 33. gxf3
Kxf3 34. Bd5+ Kf2 35. b4 Be3 36. c4 Bd2 37. cxb5 axb5 38. Bc6 Bxb4 39. Bxb5 g5
40. Bd7 h5 41. Be8 h4 42. h3 1/2-1/2

[Event "Chigorin Memorial 2019"]
[Site "St Petersburg RUS"]
[Date "2019.10.09"]
[Round "5.34"]
[White "Getman, Tatyana"]
[Black "Kovalchuk, Alexey"]
[Result "1/2-1/2"]
[WhiteTitle "WFM"]
[WhiteElo "2211"]
[BlackElo "2389"]
[WhiteFideId "34166146"]
[BlackFideId "24154385"]
[EventDate "2019.10.05"]

1. d4 Nf6 2. c4 g6 3. Nc3 d5 4. cxd5 Nxd5 5. e4 Nxc3 6. bxc3 Bg7 7. Bc4 c5 8.
Ne2 O-O 9. Be3 Nc6 10. O-O Qc7 11. Rc1 b6 12. Qd2 Bb7 13. Bh6 Rad8 14. Bxg7 Kxg7
15. h4 Qd6 16. Rcd1 cxd4 17. cxd4 Qb4 18. Qxb4 Nxb4 19. d5 Rc8 20. Rc1 Rc5 21.
Rc3 Rfc8 22. Rfc1 Ba6 23. Bxa6 Nxa6 24. a3 Kf8 25. f3 Ke8 26. Kf2 Kd7 27. Ke3
Rxc3+ 28. Rxc3 Rc5 29. Rxc5 Nxc5 30. Kd4 f6 31. f4 e6 32. e5 fxe5+ 33. Kxe5 exd5
34. Kxd5 Ne6 35. Ke5 Ke7 36. Nc3 Nc7 37. g4 b5 38. Ne2 Ne6 39. Nc3 1/2-1/2

[Event "Chigorin Memorial 2019"]
[Site "St Petersburg RUS"]
[Date "2019.10.09"]
[Round "5.35"]
[White "Zhang, Lanlin"]
[Black "Chekletsov, Ilya"]
[Result "0-1"]
[BlackTitle "IM"]
[WhiteElo "2203"]
[BlackElo "2377"]
[WhiteFideId "8608032"]
[BlackFideId "24177156"]
[EventDate "2019.10.05"]

1. e4 c5 2. Nf3 d6 3. d4 cxd4 4. Nxd4 Nf6 5. Nc3 g6 6. Be3 Bg7 7. f3 O-O 8. Qd2
Nc6 9. g4 Be6 10. Nxe6 fxe6 11. O-O-O Qc8 12. h4 Ne5 13. Be2 Nfd7 14. h5 Nxf3
15. Nd5 Qe8 16. Bxf3 exd5 17. Bg2 Nf6 18. h6 Bh8 19. g5 d4 20. Bh3 Qf7 21. Bxd4
Nxe4 22. Qe3 Bxd4 23. Qxd4 Qf4+ 24. Kb1 Qe5 25. Qd3 Nf2 26. Qc4+ Kh8 27. Rd5 Qe3
28. Rc1 Nxh3 29. Rd3 Qxg5 30. Rxh3 Qe5 31. a3 Rac8 32. Qb3 b6 33. Re3 Qg5 34.
Re6 Rc7 35. Rce1 Qxh6 36. Rxe7 Rxe7 37. Rxe7 Qh1+ 38. Ka2 Qf3 39. Qa4 Qd5+ 40.
c4 Qc5 41. Rxa7 d5 42. Rb7 Qxc4+ 43. Qxc4 dxc4 44. Rxb6 Rc8 45. a4 g5 46. Kb1 g4
47. Rh6 g3 48. Rh1 g2 49. Rg1 Rg8 50. a5 h5 51. a6 h4 52. a7 h3 53. Ka2 Ra8 0-1

[Event "Chigorin Memorial 2019"]
[Site "St Petersburg RUS"]
[Date "2019.10.09"]
[Round "5.36"]
[White "Suleymenov, Alisher"]
[Black "Ivanov, Sergei V."]
[Result "1-0"]
[WhiteTitle "IM"]
[WhiteElo "2370"]
[BlackElo "2134"]
[WhiteFideId "13707833"]
[BlackFideId "24170003"]
[EventDate "2019.10.05"]

1. d4 d5 2. c4 c6 3. Nf3 Nf6 4. g3 dxc4 5. Bg2 b5 6. Ne5 Bb7 7. O-O e6 8. b3
cxb3 9. axb3 Be7 10. Nc3 Nd5 11. Bd2 Nd7 12. Ne4 Nxe5 13. dxe5 O-O 14. Ba5 Qb8
15. Nd6 f6 16. e4 Nb6 17. Bh3 f5 18. exf5 Bxd6 19. exd6 Nd5 20. d7 e5 21. Re1
Qd6 22. d8=R Raxd8 23. Bxd8 Rxd8 24. Rxa7 Qb8 25. Qa1 Re8 26. Bg2 b4 27. Qa5 Bc8
28. Bxd5+ cxd5 29. Qxd5+ Be6 30. Qb7 Qxb7 31. Rxb7 Bxb3 32. Rxb4 Bc2 33. g4 Kf7
34. Rc4 Bb3 35. Rce4 1-0